000 00473cam a2200169 a 4500
020 _a0333544501
040 _cDLC
041 1 _hfre
082 0 0 _a633 MAC 1990 C151 Or.
100 1 _aBonheure, Denis.
245 1 0 _aTea /
260 _aWageningen, Netherlands :
_bCTA ;
_aLondon :
_bMacmillan,
_cc1990.
300 _avi, 102 p. :
_bill. ;
_c22 cm.
650 0 _aTea.
710 2 _aTechnical Centre for Agricultural and Rural Cooperation (Ede, Netherlands)
942 _cAEDBB
999 _c18692
_d18692